Beware of foreclosure rescue and loan modification scams : if it's too good to be true, it probably is.

Bibliographic Details
Corporate Author: Federal Deposit Insurance Corporation
Format: Government Document eBook
Language:English
Published: [Washington, D.C.] : Federal Deposit Insurance Corporation, [2009]
Subjects:
Online Access:https://purl.fdlp.gov/GPO/LPS125749

MARC

Tag First Indicator Second Indicator Subfields
LEADER 00000cam a2200000 a 4500
001 in00002652813
005 20211202194109.0
006 m d f
007 cr cn|||||||||
008 100831s2009 dcua o f000 0 eng c
035 |a (OCoLC)ocn659743634 
040 |a GPO  |c GPO  |d MvI  |d UtOrBLW 
042 |a pcc 
043 |a n-us--- 
049 |a WWW 
074 |a 1061-K (online) 
086 0 |a Y 3.F 31/8:2 SCA 5 
088 |a FDIC-026-2009 
245 0 0 |a Beware of foreclosure rescue and loan modification scams :  |b if it's too good to be true, it probably is. 
246 3 0 |a If it's too good to be true, it probably is 
264 1 |a [Washington, D.C.] :  |b Federal Deposit Insurance Corporation,  |c [2009] 
300 |a 1 online resource (2 unnumbered pages) :  |b illustrations 
336 |a text  |b txt  |2 rdacontent 
337 |a computer  |b c  |2 rdamedia 
338 |a online resource  |b cr  |2 rdacarrier 
500 |a Title from PDF title screen (FDIC, viewed Aug. 30, 2010). 
500 |a "05/09." 
500 |a "FDIC-026-2009." 
500 |a Electronic resource. 
650 0 |a Mortgage loans  |x Corrupt practices  |x Prevention. 
650 0 |a Fraud  |x Prevention. 
650 0 |a Foreclosure. 
710 2 |a Federal Deposit Insurance Corporation. 
856 4 0 |u https://purl.fdlp.gov/GPO/LPS125749  |t 0 
999 |a MARS 
999 f f |s 00ae4ea4-2e16-37d4-8ddb-2c5752d320d4  |i cc8b8057-36ee-30e0-a9f9-e1bc4e6d5c35  |t 0 
952 f f |a Texas A&M University  |b College Station  |c Electronic Resources  |d Available Online  |t 0  |e Y 3.F 31/8:2 SCA 5  |h Superintendent of Documents classification 
998 f f |a Y 3.F 31/8:2 SCA 5  |t 0  |l Available Online